Hygiene Education In Bangladesh (Record no. 330329)

000 -LEADER
fixed length control field nam a22 7a 4500
003 - CONTROL NUMBER IDENTIFIER
control field NUST
005 - DATE AND TIME OF LATEST TRANSACTION
control field 20170620134639.0
008 - FIXED-LENGTH DATA ELEMENTS--GENERAL INFORMATION
fixed length control field 170620b xxu||||| |||| 00| 0 eng d
020 ## - INTERNATIONAL STANDARD BOOK NUMBER
International Standard Book Number 9280631559
040 ## - CATALOGING SOURCE
Transcribing agency 0
082 ## - DEWEY DECIMAL CLASSIFICATION NUMBER
Classification number 613 BOO
100 ## - MAIN ENTRY--PERSONAL NAME
Personal name Boot,Marieke
9 (RLIN) 2973
245 ## - TITLE STATEMENT
Title Hygiene Education In Bangladesh
Statement of responsibility, etc. Marieke Boot
260 ## - PUBLICATION, DISTRIBUTION, ETC.
Place of publication, distribution, etc. New York
Name of publisher, distributor, etc. UNICEF
Date of publication, distribution, etc. 1995
300 ## - PHYSICAL DESCRIPTION
Extent 107p.
500 ## - GENERAL NOTE
General note P.B
942 ## - ADDED ENTRY ELEMENTS (KOHA)
Source of classification or shelving scheme
Koha item type Book
Call number prefix IESE
Holdings
Withdrawn status Lost status Source of classification or shelving scheme Damaged status Not for loan Collection code Permanent Location Current Location Shelving location Date acquired Total Checkouts Full call number Barcode Date last seen Price effective from Koha item type
            Institute of Environmental Science and Engineering (IESE) Institute of Environmental Science and Engineering (IESE) General Stacks 06/20/2017   613 BOO IESE-407 06/20/2017 06/20/2017 Book
© 2023 Central Library, National University of Sciences and Technology. All Rights Reserved.